00834nam a2200217 a 450000100060000000300080000600500170001400800410003103500180007204000310009004100080012108200250012924501080015426000480026230000250031050400410033550501560037665000180053265000230055070000430057368152BD-RjUL20211209081733.0170330s1962 nyuabd b 001 0 eng d a(BD-RjU)68362 aDLCcDLCdDLCdBD-RjUbeng aeng00a551.46223bSEA 196204aThe sea :b ideas and observations on progress in the study of the seas /cEdited M.N. Hill ...[et. al] aNew York :bInterscience Publishers,c1962- av. :bill. ;c27 cm. aIncludes bibliographies and indexes.1 av. 1. Physical oceanography -- v. 2. The composition of sea-water. Comparative and descriptive oceanography -- v. 3. The earth beneath the sea. History 0aOceanography. 0aSubmarine geology.1 aHill, M. N.q(Maurice Neville),d1919-